header

Christian political ethics (Record no. 2513)

MARC details
000 -LEADER
fixed length control field 01441nam a2200361Ia 4500
245 00 - TITLE STATEMENT
Title Christian political ethics
260 ## - PUBLICATION, DISTRIBUTION, ETC. (IMPRINT)
Place of publication Princeton, NJ :
Name of publisher Princeton University Press,
Year of publication c2008.
300 ## - PHYSICAL DESCRIPTION
Number of Pages xvii, 289 p.
490 1# - SERIES STATEMENT
Series statement Ethikon series in comparative ethics
650 #0 - SUBJECT ADDED ENTRY--TOPICAL TERM
Topical Term Christianity and politics.
Topical Term Christian ethics.
Topical Term Political ethics.
700 1# - ADDED ENTRY--PERSONAL NAME
Personal name Coleman, John Aloysius,
856 40 - ELECTRONIC LOCATION AND ACCESS
Uniform Resource Identifier http://site.ebrary.com/lib/rucke/Doc?id=10284080

No items available.

© 2026 Rongo University
Contact us: librarian | system librarian | Rongo university